000 01089nac a22003137a 4500
001 BR7907299
003 BR-BrBNA
005 20240105114534.0
008 230509b bl.|||m| |||| 00| 0 por d
040 _aBR-BrBNA
_bpor
_cBiblioteca Nacional de Agricultura
072 _aE15; E50
090 _aE15 BR7907299
100 1 _aLopes, I.G.V.L.
100 1 _aSchuh, G.E.
110 1 _aComissao de Financiamento da Producao, Brasilia, DF (Brasil)
_91989
245 1 _aAlocacao do tempo de familias rurais de baixa renda no Brasil: um modelo de engajamento em empregos multiplos [salario, produtividade, Brasil]
260 3 _aBrasilia, DF (Brasil):
_c1979.
300 _a107 p.
490 _aColecao Analise e Pesquisa - Comissao de Financiamento da Producao (Brazil)
_vv. 17
_x
500 _aSummary (Pt); 40 ref.; 6 tables
650 _aCOMUNIDADE RURAL
650 _aMERCADO DE TRABALHO
650 _aBAIXA RENDA
650 _aSALARIO
650 _aPRODUTIVIDADE
650 _aTRABALHADOR RURAL
909 _a202312
_bLúcia Elande
_c55
_dLúcia Elande
942 _2AGRIS
_n0
_cMS
999 _c269925
_d269925